|
|
|
|
| LEADER |
01479nam a2200361 a 4500 |
| 001 |
EBC581672 |
| 003 |
MiAaPQ |
| 005 |
20200520144314.0 |
| 006 |
m o d | |
| 007 |
cr cn||||||||| |
| 008 |
971007s1998 nju sb 001 0 eng |
| 010 |
|
|
|z 97042954
|
| 020 |
|
|
|z 0691034192 (cl : alk. paper)
|
| 035 |
|
|
|a (MiAaPQ)EBC581672
|
| 035 |
|
|
|a (Au-PeEL)EBL581672
|
| 035 |
|
|
|a (CaPaEBR)ebr10002089
|
| 035 |
|
|
|a (CaONFJC)MIL275339
|
| 035 |
|
|
|a (OCoLC)700688724
|
| 040 |
|
|
|a MiAaPQ
|c MiAaPQ
|d MiAaPQ
|
| 050 |
|
4 |
|a HB99.5
|b .Y66 1998
|
| 082 |
0 |
4 |
|a 330.1
|2 21
|
| 100 |
1 |
|
|a Yonay, Yuval P.,
|d 1958-
|
| 245 |
1 |
4 |
|a The struggle over the soul of economics
|h [electronic resource] :
|b institutionalist and neoclassical economists in America between the wars /
|c Yuval P. Yonay.
|
| 260 |
|
|
|a Princeton, N.J. :
|b Princeton University Press,
|c c1998.
|
| 300 |
|
|
|a xiii, 290 p.
|
| 504 |
|
|
|a Includes bibliographical references (p. [251]-278) and index.
|
| 533 |
|
|
|a Electronic reproduction. Ann Arbor, MI : ProQuest, 2015. Available via World Wide Web. Access may be limited to ProQuest affiliated libraries.
|
| 650 |
|
0 |
|a Institutional economics
|x History
|y 20th century.
|
| 650 |
|
0 |
|a Neoclassical school of economics
|x History
|y 20th century.
|
| 650 |
|
0 |
|a Economics
|z United States
|x History
|y 20th century.
|
| 655 |
|
4 |
|a Electronic books.
|
| 710 |
2 |
|
|a ProQuest (Firm)
|
| 856 |
4 |
0 |
|u https://ebookcentral.proquest.com/lib/matrademy/detail.action?docID=581672
|z Click to View
|